[Event "HUN-chT1 Charousek 2324"]
[Site "Hungary"]
[Date "2024.03.03"]
[Round "7.4"]
[White "Krutti, Valer"]
[Black "Sardy, Peter"]
[Result "1/2-1/2"]
[WhiteElo "2250"]
[BlackElo "2371"]
[PlyCount "20"]
[EventDate "2023.10.08"]
[EventType "team-tourn"]
[EventRounds "11"]
[EventCountry "HUN"]
[SourceTitle "EXT 2025"]
[Source "ChessBase"]
[SourceDate "2024.10.14"]
[SourceVersion "1"]
[SourceVersionDate "2024.10.14"]
[SourceQuality "1"]
[WhiteTeam "Tuxera ANSK II"]
[BlackTeam "Haladas Szombathely II"]
[WhiteTeamCountry "HUN"]
[BlackTeamCountry "HUN"]

1. d4 d6 2. c4 g6 3. Nc3 Bg7 4. e4 e5 5. Nf3 Nc6 6. d5 Nd4 7. Be3 Bg4 8. Be2 Bxf3 9. Bxf3 c5 10. dxc6 bxc6 1/2-1/2

[Event "AUT-chT2O 2324"]
[Site "Austria"]
[Date "2024.02.11"]
[Round "9.2"]
[White "Borrmann, Laurenz"]
[Black "Sardy, Peter"]
[Result "0-1"]
[WhiteElo "2283"]
[BlackElo "2396"]
[PlyCount "74"]
[EventDate "2023.10.13"]
[EventType "team-tourn"]
[EventRounds "11"]
[EventCountry "AUT"]
[SourceTitle "EXT 2025"]
[Source "ChessBase"]
[SourceDate "2024.10.14"]
[SourceVersion "1"]
[SourceVersionDate "2024.10.14"]
[SourceQuality "1"]
[WhiteTeam "Donaustadt"]
[BlackTeam "Wien Austria"]
[WhiteTeamCountry "AUT"]
[BlackTeamCountry "AUT"]

1. d4 d6 2. e4 Nf6 3. Nc3 Nc6 4. Nf3 g6 5. Be2 Bg7 6. 0-0 0-0 7. Be3 a6 8. h3 e5 9. dxe5 Nxe5 10. Nxe5 dxe5 11. Qxd8 Rxd8 12. f4 Bh6 13. Bc5 Nd7 14. Be7 Re8 15. Bg5 Bxg5 16. fxg5 Nb6 17. Nd5 Nxd5 18. exd5 Bd7 19. c4 Kg7 20. Rf6 h5 21. a4 Rad8 22. Raf1 Rf8 23. a5 Ba4 24. b4 Rd6 25. Rxd6 cxd6 26. Rf6 Rd8 27. Bd3 Bb3 28. Rf1 e4 29. Be2 Re8 30. Rc1 f6 31. gxf6+ Kxf6 32. Kf2 Ke5 33. Ke3 Rc8 34. Rc3 Ba2 35. g3 Rc7 36. Ra3 Bxc4 37. Rc3 Kxd5 0-1

[Event "AUT-chT2O 2324"]
[Site "Austria"]
[Date "2024.02.10"]
[Round "8.3"]
[White "Juhasz, Armin"]
[Black "Sardy, Peter"]
[Result "1-0"]
[WhiteElo "2388"]
[BlackElo "2396"]
[PlyCount "77"]
[EventDate "2023.10.13"]
[EventType "team-tourn"]
[EventRounds "11"]
[EventCountry "AUT"]
[SourceTitle "EXT 2025"]
[Source "ChessBase"]
[SourceDate "2024.10.14"]
[SourceVersion "1"]
[SourceVersionDate "2024.10.14"]
[SourceQuality "1"]
[WhiteTeam "Bad Voeslau"]
[BlackTeam "Wien Austria"]
[WhiteTeamCountry "AUT"]
[BlackTeamCountry "AUT"]

1. d4 d6 2. Nf3 g6 3. e4 Bg7 4. c4 Nd7 5. Nc3 e5 6. Be2 Ngf6 7. 0-0 0-0 8. Be3 h6 9. dxe5 dxe5 10. Qc1 Kh7 11. Rd1 Nh5 12. c5 c6 13. b4 Qe8 14. Nd2 Ndf6 15. Nc4 Qe7 16. Nd6 Be6 17. h3 Rad8 18. Rb1 g5 19. Qc2 Nf4 20. Bf1 Kh8 21. Ne2 N6h5 22. Ng3 g4 23. Ngf5 Qg5 24. h4 Qf6 25. g3 Bxf5 26. Nxf5 Ne6 27. Rd6 Rxd6 28. cxd6 Nd4 29. Bxd4 exd4 30. Rd1 Rd8 31. Qc5 Bf8 32. Rxd4 Ng7 33. Nxg7 Bxd6 34. Rxd6 Qxd6 35. Nf5 Qxc5 36. bxc5 h5 37. Nd6 Rd7 38. e5 Kg8 39. Bc4 1-0

[Event "AUT-chT2O 2324"]
[Site "Austria"]
[Date "2024.01.27"]
[Round "6.3"]
[White "Maslik, Miroslav"]
[Black "Sardy, Peter"]
[Result "1-0"]
[WhiteElo "2320"]
[BlackElo "2396"]
[PlyCount "115"]
[EventDate "2023.10.13"]
[EventType "team-tourn"]
[EventRounds "11"]
[EventCountry "AUT"]
[SourceTitle "EXT 2025"]
[Source "ChessBase"]
[SourceDate "2024.10.14"]
[SourceVersion "1"]
[SourceVersionDate "2024.10.14"]
[SourceQuality "1"]
[WhiteTeam "Pamhagen"]
[BlackTeam "Wien Austria"]
[WhiteTeamCountry "AUT"]
[BlackTeamCountry "AUT"]

1. Nf3 d6 2. d4 g6 3. c4 Nf6 4. Nc3 Bg7 5. e4 0-0 6. Be2 Nbd7 7. 0-0 e5 8. Be3 h6 9. dxe5 dxe5 10. Qc1 Kh7 11. Rd1 Re8 12. Nd2 Nf8 13. Nb3 N6d7 14. Nc5 c6 15. Bg4 Qc7 16. Nxd7 Bxd7 17. Bxd7 Nxd7 18. Rd3 Rad8 19. Bxh6 Nf6 20. Rh3 Nh5 21. Bg5 f6 22. Be3 Kg8 23. Qc2 Qf7 24. Qe2 Rd4 25. c5 Red8 26. Rf3 Rc4 27. g4 Nf4 28. Bxf4 exf4 29. Rd1 Rxd1+ 30. Qxd1 Rxc5 31. Qd8+ Bf8 32. Rxf4 Kg7 33. h4 Qe7 34. Qxe7+ Bxe7 35. Rf3 b5 36. Rd3 Kf7 37. Rd7 Rc4 38. f3 a5 39. h5 gxh5 40. gxh5 Ke6 41. Rc7 Bc5+ 42. Kg2 Be3 43. Kg3 Kd6 44. Rf7 Ke6 45. Rc7 Kd6 46. Rg7 Rc5 47. Kg4 a4 48. Ne2 Rc2 49. Ng3 Kc5 50. f4 Bd4 51. h6 Rh2 52. Nh5 Bf2 53. h7 Rh4+ 54. Kf3 Rxh5 55. Kxf2 Kd4 56. Kf3 Kd3 57. e5 fxe5 58. fxe5 1-0

[Event "HUN-chT 2324"]
[Site "Hungary"]
[Date "2023.12.10"]
[Round "3.7"]
[White "Sardy, Peter"]
[Black "Blasko, Istvan"]
[Result "1-0"]
[WhiteElo "2396"]
[BlackElo "2270"]
[PlyCount "71"]
[EventDate "2023.10.28"]
[EventType "team-tourn"]
[EventRounds "9"]
[EventCountry "HUN"]
[SourceTitle "CBM 219 Extra"]
[Source "ChessBase"]
[SourceDate "2024.05.31"]
[SourceVersion "1"]
[SourceVersionDate "2024.05.31"]
[SourceQuality "1"]
[WhiteTeam "Haladas"]
[BlackTeam "Kekes"]
[WhiteTeamCountry "HUN"]
[BlackTeamCountry "HUN"]

1. e4 c5 2. Nc3 Nc6 3. Bb5 g6 4. Bxc6 dxc6 5. d3 Bg7 6. f4 c4 7. Nf3 cxd3 8. cxd3 Nf6 9. h3 0-0 10. Be3 b6 11. d4 Ba6 12. Qc2 c5 13. Rd1 cxd4 14. Nxd4 Qb8 15. e5 Nh5 16. g4 Nxf4 17. Bxf4 Bxe5 18. Bxe5 Qxe5+ 19. Nde2 Bb7 20. Rg1 b5 21. Rd4 a5 22. Qd2 b4 23. Nd5 e6 24. Qe3 Qg7 25. Nb6 Ra6 26. Nd7 Rc8 27. Nc5 Rb6 28. Rd7 Bd5 29. Rf1 Rf8 30. Ne4 Rc6 31. Nf6+ Kh8 32. g5 Bxa2 33. Rf4 Rc2 34. Rh4 h5 35. Ng3 Rfc8 36. Ngxh5 1-0

[Event "HUN-chT1 Charousek 2324"]
[Site "Hungary"]
[Date "2023.11.26"]
[Round "4.6"]
[White "Sardy, Peter"]
[Black "Benedek, Istvan1"]
[Result "1/2-1/2"]
[WhiteElo "2380"]
[BlackElo "2109"]
[PlyCount "139"]
[EventDate "2023.10.08"]
[EventType "team-tourn"]
[EventRounds "11"]
[EventCountry "HUN"]
[SourceTitle "EXT 2025"]
[Source "ChessBase"]
[SourceDate "2024.10.14"]
[SourceVersion "1"]
[SourceVersionDate "2024.10.14"]
[SourceQuality "1"]
[WhiteTeam "Haladas Szombathely II"]
[BlackTeam "Komlo Banyasz"]
[WhiteTeamCountry "HUN"]
[BlackTeamCountry "HUN"]

1. e4 c5 2. Nc3 e6 3. d4 cxd4 4. Qxd4 Nc6 5. Qe3 Nf6 6. Nf3 d5 7. Bb5 Bb4 8. 0-0 0-0 9. exd5 exd5 10. Qd3 h6 11. Ba4 Qa5 12. Bb3 Bxc3 13. bxc3 Be6 14. Nd4 Rac8 15. Bd2 Ne4 16. Be1 Ne5 17. Qe2 Nc4 18. Nxe6 fxe6 19. Rd1 Qc5 20. Rd4 b5 21. Kh1 e5 22. Rd3 Rc7 23. f3 Rcf7 24. Rg1 Nf6 25. Bh4 Nh5 26. Bg3 Rf5 27. Bf2 Qc6 28. Bxc4 bxc4 29. Re3 Nf4 30. Qd2 Rh5 31. Bg3 Qg6 32. Qe1 Qf5 33. Bxf4 exf4 34. g4 fxg3 35. Qxg3 Rg5 36. Qf2 Qf4 37. Rxg5 Qxg5 38. Qe1 Qf4 39. Qd2 Kh7 40. Qd4 Qf7 41. Qe5 Qd7 42. Qd4 Qh3 43. Qd1 Rf5 44. Qe2 a5 45. a4 Rf6 46. Qd1 Rg6 47. Qe2 Qd7 48. Re5 Qxa4 49. Rxd5 Qa1+ 50. Rd1 Qxc3 51. Qe4 a4 52. Rg1 Qf6 53. Rxg6 Qxg6 54. Qxc4 a3 55. Qa4 Qd6 56. h4 Qc5 57. Kg2 Qe3 58. Qc4 Qa7 59. Qa2 Qa4 60. h5 Qb4 61. Qd5 Qa4 62. Qf5+ Kg8 63. Qe6+ Kf8 64. Qd6+ Kf7 65. Qg6+ Kf8 66. Qd6+ Kg8 67. Qe6+ Kh8 68. Qc8+ Kh7 69. Qf5+ Kg8 70. Qe6+ 1/2-1/2

[Event "HUN-chT1 Charousek 2223"]
[Site "Hungary"]
[Date "2023.01.29"]
[Round "4.3"]
[White "Martini, Balazs"]
[Black "Sardy, Peter"]
[Result "1/2-1/2"]
[WhiteElo "2338"]
[BlackElo "2406"]
[PlyCount "50"]
[EventDate "2022.11.20"]
[EventType "team-tourn"]
[EventRounds "9"]
[EventCountry "HUN"]
[SourceTitle "EXT 2025"]
[Source "ChessBase"]
[SourceDate "2024.10.14"]
[SourceVersion "1"]
[SourceVersionDate "2024.10.14"]
[SourceQuality "1"]
[WhiteTeam "Sentimento Ajka BSK II"]
[BlackTeam "Haladas II"]
[WhiteTeamCountry "HUN"]
[BlackTeamCountry "HUN"]

1. Nf3 c5 2. g3 g6 3. Bg2 Bg7 4. 0-0 Nc6 5. c4 d6 6. Nc3 e6 7. d3 Nge7 8. Bg5 h6 9. Bd2 0-0 10. Qc1 Kh7 11. a3 Qd7 12. Rb1 b6 13. b4 Bb7 14. e3 Rac8 15. Rd1 Rfd8 16. Be1 Ne5 17. Nxe5 Bxe5 18. Bxb7 Qxb7 19. bxc5 dxc5 20. Qc2 Bg7 21. Ne2 Nc6 22. Bc3 Qc7 23. Bxg7 Kxg7 24. Qc3+ Qe5 25. f4 Qxc3 1/2-1/2

[Event "AUT-chT2O 2223"]
[Site "Austria"]
[Date "2023.01.21"]
[Round "6.3"]
[White "Belke, Frank"]
[Black "Sardy, Peter"]
[Result "1/2-1/2"]
[WhiteElo "2207"]
[BlackElo "2404"]
[PlyCount "82"]
[EventDate "2022.10.15"]
[EventType "team-tourn"]
[EventRounds "11"]
[EventCountry "AUT"]
[SourceTitle "CBM 213 Extra"]
[Source "ChessBase"]
[SourceDate "2023.05.31"]
[SourceVersion "1"]
[SourceVersionDate "2023.05.31"]
[SourceQuality "1"]
[WhiteTeam "Hietzing"]
[BlackTeam "Wien Austria"]
[WhiteTeamCountry "AUT"]
[BlackTeamCountry "AUT"]

1. d4 d6 2. c4 e5 3. dxe5 dxe5 4. Qxd8+ Kxd8 5. Nc3 c6 6. Nf3 f6 7. e3 Be6 8. Be2 Nd7 9. 0-0 g5 10. Rd1 Kc7 11. Bd2 h5 12. Rac1 Rd8 13. Be1 h4 14. a3 Kb8 15. b4 Nh6 16. Nd2 Be7 17. c5 Nf7 18. Nc4 f5 19. e4 f4 20. f3 g4 21. fxg4 h3 22. g3 Nh6 23. Nd6 Bg5 24. Bd2 Rdg8 25. Bf3 fxg3 26. hxg3 h2+ 27. Kg2 Nf6 28. Bxg5 Rxg5 29. Rd3 Nhxg4 30. Rh1 Rg7 31. Nd1 Nh5 32. Be2 Ngf6 33. Rc3 Nf4+ 34. Kf2 Nh3+ 35. Ke1 Ng1 36. Nf2 Rgg8 37. Bd1 Kc7 38. Kf1 a5 39. Kg2 axb4 40. axb4 Nh3 41. Rxh2 Nxf2 1/2-1/2

[Event "HUN-chT1 Charousek 2223"]
[Site "Hungary"]
[Date "2022.11.20"]
[Round "1.3"]
[White "Sardy, Peter"]
[Black "Daroczi, Donat"]
[Result "1/2-1/2"]
[WhiteElo "2401"]
[BlackElo "2174"]
[PlyCount "27"]
[EventDate "2022.11.20"]
[EventType "team-tourn"]
[EventRounds "9"]
[EventCountry "HUN"]
[SourceTitle "EXT 2025"]
[Source "ChessBase"]
[SourceDate "2024.10.14"]
[SourceVersion "1"]
[SourceVersionDate "2024.10.14"]
[SourceQuality "1"]
[WhiteTeam "Haladas II"]
[BlackTeam "Balatonfuered"]
[WhiteTeamCountry "HUN"]
[BlackTeamCountry "HUN"]

1. e4 c5 2. Nc3 Nc6 3. g3 g6 4. Bg2 Bg7 5. d3 Rb8 6. Be3 b5 7. Qd2 b4 8. Nd1 d6 9. h3 e5 10. f4 Nge7 11. g4 f5 12. fxe5 Nxe5 13. Bh6 0-0 14. Bxg7 1/2-1/2

[Event "AUT-chT2O 2223"]
[Site "Austria"]
[Date "2022.11.19"]
[Round "3.3"]
[White "Sardy, Peter"]
[Black "Pilshofer, Paul"]
[Result "1-0"]
[WhiteElo "2404"]
[BlackElo "2196"]
[PlyCount "173"]
[EventDate "2022.10.15"]
[EventType "team-tourn"]
[EventRounds "11"]
[EventCountry "AUT"]
[SourceTitle "CBM 213 Extra"]
[Source "ChessBase"]
[SourceDate "2023.05.31"]
[SourceVersion "1"]
[SourceVersionDate "2023.05.31"]
[SourceQuality "1"]
[WhiteTeam "Wien Austria"]
[BlackTeam "Kottingbrunn"]
[WhiteTeamCountry "AUT"]
[BlackTeamCountry "AUT"]

1. e4 e5 2. Nf3 Nc6 3. Bb5 Nf6 4. d3 Bc5 5. c3 d5 6. Nbd2 0-0 7. 0-0 dxe4 8. dxe4 Qe7 9. a4 a5 10. Qe2 Na7 11. Bd3 b6 12. Nc4 Nc6 13. Ne3 Nd8 14. b3 Re8 15. Rd1 Be6 16. Bc2 Ng4 17. Nxg4 Bxg4 18. h3 Bh5 19. Bd3 f6 20. Rb1 Ne6 21. Bc4 c6 22. Be3 Bf7 23. Nd2 Rad8 24. g3 Rd7 25. Kg2 Red8 26. Nf1 h6 27. Rxd7 Rxd7 28. Rd1 Bxe3 29. Nxe3 Qd8 30. Qg4 Nc5 31. Nf5 Bxc4 32. bxc4 Kh7 33. Qxg7+ Rxg7 34. Rxd8 Rc7 35. Rf8 Nxe4 36. f3 Nxc3 37. Rxf6 h5 38. Rh6+ Kg8 39. Rxh5 Rd7 40. h4 Rd2+ 41. Kh3 e4 42. Kg4 exf3 43. Kxf3 Rd3+ 44. Kf4 Nxa4 45. Ke5 Nc5 46. Rh6 a4 47. Rxc6 Nd7+ 48. Ke4 Rb3 49. Rc8+ Kf7 50. Rc7 Ke8 51. Ra7 Nf6+ 52. Ke5 Nd7+ 53. Kd4 a3 54. h5 Nf6 55. h6 a2 56. Rxa2 Kf7 57. Ra7+ Kg6 58. Ke5 Ng4+ 59. Ke6 Nxh6 60. Rg7+ Kh5 61. Rh7 Kg5 62. Rxh6 Rb1 63. Rf6 Re1+ 64. Kf7 Rg1 65. Nd6 Kh5 66. Nc8 Rxg3 67. Nxb6 Rb3 68. c5 Rb5 69. Nd7 Rb7 70. c6 Rc7 71. Ke7 Kg5 72. Kd8 Ra7 73. c7 Ra8+ 74. c8Q Rxc8+ 75. Kxc8 Kh5 76. Kc7 Kg5 77. Kd6 Kh5 78. Ke5 Kg5 79. Rf1 Kg4 80. Rf8 Kg3 81. Ke4 Kg4 82. Rg8+ Kh5 83. Kf5 Kh6 84. Rg1 Kh7 85. Kf6 Kh8 86. Kf7 Kh7 87. Rh1# 1-0

[Event "AUT-chT2O 2223"]
[Site "Austria"]
[Date "2022.10.15"]
[Round "1.2"]
[White "Sardy, Peter"]
[Black "Borrmann, Laurenz"]
[Result "1/2-1/2"]
[WhiteElo "2404"]
[BlackElo "2290"]
[PlyCount "84"]
[EventDate "2022.10.15"]
[EventType "team-tourn"]
[EventRounds "11"]
[EventCountry "AUT"]
[SourceTitle "EXT 2024"]
[Source "ChessBase"]
[SourceDate "2023.10.10"]
[SourceVersion "1"]
[SourceVersionDate "2023.10.10"]
[SourceQuality "1"]
[WhiteTeam "Wien Austria"]
[BlackTeam "Donaustadt"]
[WhiteTeamCountry "AUT"]
[BlackTeamCountry "AUT"]

1. e4 e5 2. Nf3 Nc6 3. Bb5 a6 4. Ba4 f5 5. d4 exd4 6. 0-0 fxe4 7. Nxd4 Nf6 8. c4 Be7 9. Nc3 0-0 10. Bg5 Ne5 11. Nf5 Ng6 12. Nd5 d6 13. Nfxe7+ Nxe7 14. Bxf6 gxf6 15. Qd4 Nxd5 16. Qxd5+ Kh8 17. Qxe4 f5 18. Qd4+ Qf6 19. Rad1 b5 20. Bb3 Qxd4 21. Rxd4 Bb7 22. Re1 Rae8 23. Rxe8 Rxe8 24. Kf1 Re4 25. Rxe4 fxe4 26. Ke2 Kg7 27. a4 bxc4 28. Bxc4 d5 29. Bb3 Kf6 30. f3 exf3+ 31. Kxf3 d4+ 32. Kf2 a5 33. Bc2 h6 34. g4 c5 35. h4 c4 36. Bd1 Be4 37. Be2 c3 38. bxc3 dxc3 39. Ke3 Bc2 40. Kd4 Bxa4 41. Kxc3 Bd7 42. Kd4 a4 1/2-1/2

[Event "HUN-chT1 Charousek 2122"]
[Site "Hungary"]
[Date "2021.11.21"]
[Round "4.3"]
[White "Geher, Koppany"]
[Black "Sardy, Peter"]
[Result "1/2-1/2"]
[WhiteElo "2279"]
[BlackElo "2374"]
[PlyCount "64"]
[EventDate "2021.10.10"]
[EventType "team-tourn"]
[EventRounds "11"]
[EventCountry "HUN"]
[SourceTitle "EXT 2025"]
[Source "ChessBase"]
[SourceDate "2024.10.14"]
[SourceVersion "1"]
[SourceVersionDate "2024.10.14"]
[SourceQuality "1"]
[WhiteTeam "Budapest MTK"]
[BlackTeam "Haladas II"]
[WhiteTeamCountry "HUN"]
[BlackTeamCountry "HUN"]

1. e4 c5 2. Nf3 e6 3. d4 cxd4 4. Nxd4 a6 5. c4 Nf6 6. Nc3 Bb4 7. Qd3 0-0 8. e5 Ne8 9. a3 Bxc3+ 10. Qxc3 d6 11. exd6 Nxd6 12. Bd3 e5 13. Nc2 Nc6 14. 0-0 Be6 15. b4 Rc8 16. Bb2 Bxc4 17. Bxc4 Nxc4 18. Qxc4 Nd4 19. Qd3 Nxc2 20. Rad1 Qxd3 21. Rxd3 Nd4 22. Bxd4 Rfd8 23. Rfd1 exd4 24. g4 Rc4 25. Kg2 Kf8 26. Kf3 Rc6 27. R1d2 Ke7 28. Ke4 Re6+ 29. Kf4 Red6 30. Ke4 Rh6 31. f4 Re6+ 32. Kf3 Rc6 1/2-1/2

[Event "AUT-chT2O 2122"]
[Site "Austria"]
[Date "2021.10.16"]
[Round "1.1"]
[White "Stanec, Nikolaus"]
[Black "Sardy, Peter"]
[Result "1-0"]
[WhiteElo "2477"]
[BlackElo "2375"]
[PlyCount "67"]
[EventDate "2021.10.16"]
[EventType "team-tourn"]
[EventRounds "11"]
[EventCountry "AUT"]
[SourceTitle "CBM 204 Extra"]
[Source "ChessBase"]
[SourceDate "2021.11.30"]
[SourceVersion "1"]
[SourceVersionDate "2021.11.30"]
[SourceQuality "1"]
[WhiteTeam "Donaustadt"]
[BlackTeam "Wien Austria"]
[WhiteTeamCountry "AUT"]
[BlackTeamCountry "AUT"]

1. d4 Nf6 2. Nf3 g6 3. c3 b6 4. Bg5 Bb7 5. Nbd2 d5 6. e3 Nbd7 7. a4 a5 8. Bb5 c6 9. Bd3 Bg7 10. 0-0 c5 11. Bb5 0-0 12. Qe2 Ne8 13. e4 dxe4 14. Nxe4 Ndf6 15. Nxf6+ Bxf6 16. Bh6 Ng7 17. dxc5 bxc5 18. Rad1 Qb6 19. Ne5 Rfd8 20. Nd7 Qc7 21. Qc4 Ne8 22. Bf4 e5 23. Nxf6+ Nxf6 24. Bg5 Rxd1 25. Rxd1 Rd8 26. Rxd8+ Qxd8 27. Bxf6 Qxf6 28. Qxc5 Qf4 29. Bf1 Qxa4 30. Qxe5 Bc6 31. Qc5 Be4 32. Qb5 Qc2 33. Qxa5 Qxb2 34. Qd8+ 1-0

[Event "HUN-chT 2122"]
[Site "Hungary"]
[Date "2021.10.10"]
[Round "1.11"]
[White "Sardy, Peter"]
[Black "Bodi, Tibor"]
[Result "1/2-1/2"]
[WhiteElo "2374"]
[BlackElo "2274"]
[PlyCount "64"]
[EventDate "2021.10.10"]
[EventType "team-tourn"]
[EventRounds "9"]
[EventCountry "HUN"]
[SourceTitle "EXT 2023"]
[Source "ChessBase"]
[SourceDate "2022.10.05"]
[SourceVersion "1"]
[SourceVersionDate "2022.10.05"]
[SourceQuality "1"]
[WhiteTeam "Haladas"]
[BlackTeam "Kobanya Aquarena"]
[WhiteTeamCountry "HUN"]
[BlackTeamCountry "HUN"]

1. e4 c6 2. d4 d5 3. e5 Bf5 4. g4 Bg6 5. e6 Qd6 6. exf7+ Bxf7 7. Nf3 Nd7 8. Qe2 h6 9. Ne5 Nxe5 10. dxe5 Qd7 11. Nd2 h5 12. g5 e6 13. Nb3 Ne7 14. Bh3 b6 15. Be3 c5 16. 0-0-0 Qc6 17. Rhe1 Bg6 18. f4 Kf7 19. Qa6 Qc8 20. Qxc8 Rxc8 21. a4 a5 22. Nd2 Nf5 23. Nf3 Be7 24. Bf2 Rhf8 25. c4 d4 26. Bxf5 Bxf5 27. Nh4 Ke8 28. Bg3 Kd7 29. Kd2 Kc6 30. Ra1 Rcd8 31. Nxf5 Rxf5 32. h4 g6 1/2-1/2

[Event "HUN-chT 1920"]
[Site "Hungary"]
[Date "2020.09.13"]
[Round "9.11"]
[White "Sardy, Peter"]
[Black "Balint, Vilmos"]
[Result "0-1"]
[WhiteElo "2344"]
[BlackElo "2151"]
[PlyCount "116"]
[EventDate "2019.11.16"]
[EventType "team-tourn"]
[EventRounds "9"]
[EventCountry "HUN"]
[SourceTitle "EXT 2021"]
[Source "ChessBase"]
[SourceDate "2020.10.23"]
[SourceVersion "1"]
[SourceVersionDate "2020.10.23"]
[SourceQuality "1"]
[WhiteTeam "HVSE Infraplan"]
[BlackTeam "Dunaharaszti"]
[WhiteTeamCountry "HUN"]
[BlackTeamCountry "HUN"]

1. e4 e6 2. d4 d5 3. e5 c5 4. c3 Nc6 5. Nf3 Nh6 6. a3 Nf5 7. Ra2 Qa5 8. Be3 Bd7 9. Nbd2 cxd4 10. cxd4 Rc8 11. Ra1 Qb6 12. Nb3 a5 13. Rb1 a4 14. Na1 Na5 15. Bd3 Nc4 16. Qe2 Qa5+ 17. Bd2 Qa7 18. Nc2 Be7 19. 0-0 0-0 20. Kh1 Bb5 21. Bc3 Ba6 22. g4 Nh6 23. Bb4 Bxb4 24. Nxb4 Kh8 25. Rg1 Rc7 26. Rg3 Rfc8 27. Rbg1 g6 28. Rh3 Ng8 29. Ng5 h6 30. Nf3 Kg7 31. Rhg3 Ne7 32. h4 Nc6 33. h5 Nxd4 34. Nxd4 Qxd4 35. hxg6 fxg6 36. Nxa6 bxa6 37. f4 Qxf4 38. Rf3 Qg5 39. Re1 Rf8 40. Rxf8 Kxf8 41. Rf1+ Kg7 42. Qf2 Nxe5 43. Qf8+ Kh7 44. Be2 Qe3 45. Qb8 Rf7 46. Rxf7+ Nxf7 47. Qf8 Qe4+ 48. Kg1 Qd4+ 49. Kg2 Qe4+ 50. Bf3 Qc2+ 51. Kg3 Qc7+ 52. Kg2 Ng5 53. Be2 a5 54. Bd3 e5 55. Qf6 e4 56. Bb5 Nf3 57. Be8 Qh2+ 58. Kf1 Qg1+ 0-1

[Event "AUT-chT2O 1920"]
[Site "Austria"]
[Date "2019.10.20"]
[Round "2.2"]
[White "Peyrer, Konstantin"]
[Black "Sardy, Peter"]
[Result "1/2-1/2"]
[WhiteElo "2286"]
[BlackElo "2352"]
[PlyCount "60"]
[EventDate "2019.10.19"]
[EventType "team-tourn"]
[EventRounds "11"]
[EventCountry "AUT"]
[SourceTitle "CBM 192 Extra"]
[Source "Chessbase"]
[SourceDate "2019.11.06"]
[SourceVersion "1"]
[SourceVersionDate "2019.11.06"]
[SourceQuality "1"]
[WhiteTeam "Wien Ottakring"]
[BlackTeam "Wien Austria"]
[WhiteTeamCountry "AUT"]
[BlackTeamCountry "AUT"]

1. d4 d6 2. Nf3 Nf6 3. c4 g6 4. Nc3 Bg7 5. Bf4 0-0 6. e3 Nc6 7. Be2 Nd7 8. 0-0 e5 9. Bg3 h6 10. dxe5 Ndxe5 11. Nxe5 Nxe5 12. Qd2 Be6 13. b3 Qd7 14. Rfd1 Rad8 15. Rac1 Rfe8 16. h3 Qc8 17. Qe1 Nd7 18. Na4 Nb6 19. Nc3 Nd7 20. b4 Nf6 21. Qf1 Bf5 22. Bf3 Ne4 23. Nxe4 Bxe4 24. Bxe4 Rxe4 25. Qd3 Ree8 26. Qa3 a6 27. b5 Be5 28. Bxe5 Rxe5 29. bxa6 bxa6 30. c5 dxc5 1/2-1/2

[Event "Balatonalmadi Pannonia Cup 27th"]
[Site "Balatonalmadi"]
[Date "2019.07.28"]
[Round "7"]
[White "Udvardi, Zalan"]
[Black "Sardy, Peter"]
[Result "1/2-1/2"]
[WhiteElo "2193"]
[BlackElo "2353"]
[PlyCount "63"]
[EventDate "2019.07.24"]
[EventType "swiss"]
[EventRounds "7"]
[EventCountry "HUN"]
[SourceTitle "CBM 191 Extra"]
[Source "ChessBase"]
[SourceDate "2019.09.30"]
[SourceVersion "1"]
[SourceVersionDate "2019.09.30"]
[SourceQuality "1"]

1. e4 c5 2. Nc3 a6 3. g3 b5 4. Bg2 Bb7 5. d3 e6 6. f4 d5 7. f5 d4 8. fxe6 fxe6 9. Nce2 e5 10. Nf3 Nc6 11. 0-0 Be7 12. Bh3 Bc8 13. Bxc8 Qxc8 14. c3 Qe6 15. cxd4 cxd4 16. Kg2 Bf6 17. Bd2 Nge7 18. b4 0-0 19. Nc1 Nc8 20. Nb3 Be7 21. Nc5 Bxc5 22. bxc5 h6 23. Qb3 Qxb3 24. axb3 a5 25. b4 a4 26. Ne1 N8a7 27. Rxf8+ Rxf8 28. Nc2 Rf6 29. Na3 Kf7 30. Rf1 Nb8 31. Rxf6+ Kxf6 32. Kf3 1/2-1/2

[Event "Balatonalmadi Pannonia Cup 27th"]
[Site "Balatonalmadi"]
[Date "2019.07.27"]
[Round "6"]
[White "Sardy, Peter"]
[Black "Szajbely, Zsigmond"]
[Result "1/2-1/2"]
[WhiteElo "2353"]
[BlackElo "2287"]
[PlyCount "80"]
[EventDate "2019.07.24"]
[EventType "swiss"]
[EventRounds "7"]
[EventCountry "HUN"]
[SourceTitle "CBM 191 Extra"]
[Source "ChessBase"]
[SourceDate "2019.09.30"]
[SourceVersion "1"]
[SourceVersionDate "2019.09.30"]
[SourceQuality "1"]

1. e4 c5 2. Nc3 Nc6 3. Bb5 Nd4 4. Nf3 a6 5. Bc4 b5 6. Bd5 Rb8 7. Nxd4 cxd4 8. Ne2 Nf6 9. Nxd4 e6 10. Bb3 Nxe4 11. Qe2 Bb7 12. d3 Bb4+ 13. Kf1 Nf6 14. h4 Qb6 15. Nf3 0-0 16. h5 h6 17. Ne5 Bd6 18. Rh4 Be7 19. Rh3 d6 20. Be3 Qc7 21. Ng4 Nxg4 22. Qxg4 Kh8 23. Rg3 Bf6 24. d4 Qc8 25. c3 e5 26. Qxc8 Bxc8 27. dxe5 Bxe5 28. f4 Bf6 29. Bf2 Be6 30. Rd1 Bc4+ 31. Kg1 d5 32. Bd4 Bxd4+ 33. Rxd4 Rfe8 34. Rd2 Re1+ 35. Kh2 Rbe8 36. Rf3 Ra1 37. Rff2 Re6 38. Bxc4 dxc4 39. a3 Rae1 40. g3 Kg8 1/2-1/2

[Event "Balatonalmadi Pannonia Cup 27th"]
[Site "Balatonalmadi"]
[Date "2019.07.25"]
[Round "3"]
[White "Forgacs, Attila"]
[Black "Sardy, Peter"]
[Result "0-1"]
[WhiteElo "2137"]
[BlackElo "2353"]
[PlyCount "54"]
[EventDate "2019.07.24"]
[EventType "swiss"]
[EventRounds "7"]
[EventCountry "HUN"]
[SourceTitle "CBM 191 Extra"]
[Source "ChessBase"]
[SourceDate "2019.09.30"]
[SourceVersion "1"]
[SourceVersionDate "2019.09.30"]
[SourceQuality "1"]

1. e4 c5 2. Nf3 e6 3. d4 cxd4 4. Nxd4 a6 5. c4 Nf6 6. Nc3 Bb4 7. Qf3 d6 8. Nc2 Ba5 9. b4 Bc7 10. Bg5 Nbd7 11. Rd1 Qe7 12. Be2 h6 13. Bf4 Ne5 14. Qg3 g5 15. Bxe5 dxe5 16. h4 g4 17. h5 Rg8 18. Rh4 Bd7 19. Bxg4 0-0-0 20. f3 Bc6 21. Rxd8+ Qxd8 22. Nd5 Rxg4 23. Rxg4 exd5 24. cxd5 Ba4 25. Ne3 Nxg4 26. Qxg4+ Kb8 27. Qg7 Qh4+ 0-1